[Event "London Classic FIDE Open"]
[Site "London ENG"]
[Date "2011.12.07"]
[Round "5"]
[White "Gant, Chris J"]
[Black "Pleininger, Rudolf"]
[Result "1/2-1/2"]
[WhiteTitle "FM"]
[WhiteElo "2194"]
[BlackElo "1939"]
[WhiteFideId "403946"]
[BlackFideId "1305999"]
[EventDate "2011.12.03"]

1. d4 Nf6 2. c4 e6 3. Nc3 Bb4 4. e3 b6 5. Ne2 O-O 6. a3 Bxc3+ 7. Nxc3 Bb7 8. Bd3
d6 9. e4 e5 10. d5 a5 11. Bg5 h6 12. Bh4 Na6 13. g4 g5 14. Bg3 Bc8 15. f3 Kg7
16. h4 Bb7 17. hxg5 hxg5 18. Qd2 Nd7 19. O-O-O Qf6 20. Rh5 Kg6 21. Bh4 Qf4 22.
Rxg5+ Kh6 23. Rh5+ Kg7 24. Qxf4 exf4 25. Bg5 Rh8 26. Bxf4 Nac5 27. Bc2 a4 28.
Rdh1 Rxh5 29. Rxh5 Ba6 30. Nb5 Bxb5 31. cxb5 Ra5 32. Bd2 Rxb5 33. Bc3+ f6 34.
Rf5 Kg6 35. f4 Nb3+ 36. Kd1 Rc5 37. g5 fxg5 38. Rxg5+ Kf7 39. Rg7+ Ke8 40. Bd3
b5 41. Ke1 Nc1 42. Bb1 Nb3 43. Bc2 Nb6 44. Bd1 Kf8 45. Rh7 Rc4 46. Bf3 Nc5 47.
Rh8+ Ke7 48. Rh7+ Kf8 1/2-1/2

[Event "London Classic FIDE Open"]
[Site "London ENG"]
[Date "2011.12.07"]
[Round "5"]
[White "Spivack, Simon S Y"]
[Black "Andreev, Peter"]
[Result "1-0"]
[WhiteElo "2175"]
[BlackElo "1914"]
[WhiteFideId "404780"]
[BlackFideId "406350"]
[EventDate "2011.12.03"]

1. Nf3 Nf6 2. g3 g6 3. Bg2 Bg7 4. c4 O-O 5. d4 d6 6. Nc3 c6 7. O-O a6 8. Ne1 e5
9. d5 Qe7 10. e4 b5 11. cxb5 axb5 12. Nc2 Bd7 13. dxc6 Bxc6 14. Nb4 Qd7 15. Qe2
Ra5 16. Bd2 Bb7 17. Rfd1 Nc6 18. Nxc6 Bxc6 19. Nd5 Raa8 20. Nb6 Qb7 21. Nxa8
Rxa8 22. Re1 Nd7 23. Bb4 Nc5 24. Rac1 Bf8 25. Bxc5 dxc5 26. b3 Qa7 27. Rc2 Qb7
28. h4 Rd8 29. Rd2 Rd4 30. Rxd4 cxd4 31. Qc2 Bb4 32. Rc1 Bc3 33. b4 Qa8 34. f3
Bd7 35. Bf1 Qa3 36. Rb1 Be6 37. Bxb5 Bxa2 38. Rf1 Bb3 39. Qe2 Bxb4 40. Qd3 Qa2
41. Qb1 Bc3 42. Qxa2 Bxa2 43. Kf2 Bb3 44. Ke2 Kf8 45. Kd3 Ke7 46. Bc4 Bxc4+ 47.
Kxc4 Kd6 48. h5 g5 49. g4 Ke6 50. Rb1 Kf6 51. Rb6+ Kg7 52. Rd6 h6 53. Kb5 Bd2
54. Kc6 Bc3 55. Kd7 Kf8 56. Rd5 1-0

[Event "London Classic FIDE Open"]
[Site "London ENG"]
[Date "2011.12.07"]
[Round "5"]
[White "Fransson, Angelina"]
[Black "Farrand, Tom"]
[Result "0-1"]
[WhiteElo "1940"]
[BlackElo "2265"]
[WhiteFideId "1712632"]
[BlackFideId "406457"]
[EventDate "2011.12.03"]

1. e4 c5 2. d3 Nc6 3. f4 e6 4. Nf3 Nge7 5. Be2 d5 6. O-O g6 7. Qe1 Bg7 8. Bd1 b6
9. Nc3 dxe4 10. dxe4 Nd4 11. Ne2 Nxf3+ 12. Rxf3 Bb7 13. Ng3 f5 14. Rd3 Qc7 15.
Bf3 c4 16. Rd1 Kf7 17. c3 Rad8 18. Be3 Rd3 19. Qf2 Rhd8 20. Be2 fxe4 21. Bxd3
exd3 22. Nf1 Nf5 23. Nd2 Kg8 24. Nf3 Qc6 25. Bd2 Bf6 26. Ne5 Qd5 27. Qf3 Bxe5
28. Qxd5 Rxd5 29. fxe5 Rxe5 30. Re1 Rxe1+ 31. Rxe1 Kf7 32. Rf1 Ke7 33. g4 Nd6
34. Bg5+ Kd7 35. h4 Bd5 36. Be3 h5 37. gxh5 gxh5 38. Kf2 Nf5 39. Bg5 e5 40. Ke1
Ke6 41. Kd2 Bg2 42. Rg1 Bf3 43. b3 Nd6 44. Rf1 Be2 45. Rf6+ Kd5 46. Rf8 b5 47.
Rd8 Ke6 48. Ke3 b4 49. bxc4 bxc3 50. c5 Nc4+ 51. Kf2 e4 52. c6 Bg4 53. c7 Nb6
54. Be3 Ke5 55. Bxb6 axb6 56. c8=Q Bxc8 57. Rxc8 Kd4 58. Rd8+ Kc4 59. Ke3 Kb4
60. Rd4+ Ka3 61. Rxe4 d2 62. Ke2 Kb2 63. Rb4+ Kc1 64. Rd4 b5 65. a3 Kc2 66. Rd3
Kb2 67. Ke3 Kb1 68. Rd5 c2 69. Rxd2 c1=Q 70. Ke2 Qxa3 71. Rd1+ Kc2 72. Rd2+ Kc3
73. Rd3+ Kb4 74. Rd4+ Kc5 75. Rd2 b4 0-1

[Event "London Classic FIDE Open"]
[Site "London ENG"]
[Date "2011.12.07"]
[Round "5"]
[White "Rendboe, John"]
[Black "Kristinsson, Bjarni Jens"]
[Result "1-0"]
[WhiteTitle "FM"]
[WhiteElo "2242"]
[BlackElo "2045"]
[WhiteFideId "1403664"]
[BlackFideId "2302950"]
[EventDate "2011.12.03"]

1. d4 d5 2. c4 c6 3. Nc3 Nf6 4. Nf3 e6 5. cxd5 exd5 6. Bg5 Be7 7. Qc2 Be6 8. e3
O-O 9. Bd3 Nbd7 10. O-O Re8 11. Rab1 Qa5 12. a3 b5 13. Ne5 Nxe5 14. dxe5 Ng4 15.
Bxh7+ Kh8 16. Bf4 b4 17. axb4 Qxb4 18. Bf5 Bf8 19. Bxe6 fxe6 20. Ne2 c5 21. Qg6
Nh6 22. Bxh6 gxh6 23. Nf4 Qe4 24. Qxe4 dxe4 25. Rfc1 Kh7 26. Rc4 Rab8 27. Rxe4
Rb3 28. g3 Bg7 29. Rc1 Rxb2 30. Rxc5 Re7 31. Ra4 Rb6 32. Rca5 Rbb7 33. Rd4 Kg8
34. Nd3 Rec7 35. Kg2 Kf7 36. h4 Ke7 37. Nc5 Rb2 38. Ne4 a6 39. Rd6 Rb5 40. Rdxa6
Rxe5 41. Rxe5 Bxe5 42. f4 Bb2 43. Kf3 Kf7 44. g4 Bc1 45. f5 exf5 46. gxf5 h5 47.
Rh6 1-0

[Event "London Classic FIDE Open"]
[Site "London ENG"]
[Date "2011.12.07"]
[Round "5"]
[White "Anderton, Matthew N"]
[Black "Hoegener, Claude"]
[Result "1/2-1/2"]
[WhiteElo "2227"]
[BlackElo "2028"]
[WhiteFideId "403237"]
[BlackFideId "4000978"]
[EventDate "2011.12.03"]

1. e4 e6 2. d4 d5 3. Nc3 Nf6 4. Bg5 Bb4 5. e5 h6 6. Bh4 g5 7. Bg3 Ne4 8. Ne2 c5
9. a3 cxd4 10. axb4 dxc3 11. Nxc3 Nxc3 12. bxc3 Qc7 13. Ra3 Nc6 14. Bb5 Bd7 15.
O-O h5 16. h3 a6 17. Bd3 Na7 18. Qe2 Qb6 19. h4 Nb5 20. Rb3 O-O-O 21. hxg5 h4
22. Bf4 Kb8 23. Qe3 Qc7 24. Re1 Bc6 25. Bf1 Qd7 1/2-1/2

[Event "London Classic FIDE Open"]
[Site "London ENG"]
[Date "2011.12.07"]
[Round "5"]
[White "O'Toole, George E"]
[Black "De Coverly, Roger D"]
[Result "1-0"]
[WhiteElo "2189"]
[BlackElo "2027"]
[WhiteFideId "412732"]
[BlackFideId "405213"]
[EventDate "2011.12.03"]

1. e4 e5 2. Nf3 Nc6 3. d4 exd4 4. Bc4 Nf6 5. e5 d5 6. Bb5 Ne4 7. Nxd4 Bd7 8.
Bxc6 bxc6 9. O-O Bc5 10. Be3 O-O 11. f3 Ng5 12. f4 Ne4 13. Nd2 Nxd2 14. Qxd2 f6
15. Nb3 Bxe3+ 16. Qxe3 fxe5 17. fxe5 Qe7 18. Nc5 Be6 19. c3 Rxf1+ 20. Rxf1 Re8
21. a4 Bf7 22. Re1 Bg6 23. Qd4 Rf8 24. h3 h6 25. Re2 Qg5 26. Qe3 Qxe3+ 27. Rxe3
Re8 28. Kf2 Kf8 29. Rf3+ Ke7 30. Ke3 Bh7 31. Kd4 Rb8 32. b4 a5 33. bxa5 Ra8 34.
a6 Bg8 35. Rg3 g5 36. h4 Be6 37. hxg5 hxg5 38. Rxg5 Kf7 39. Rh5 Kg6 40. Rh1 Bc8
41. Rh8 Kg7 42. Rd8 Kf7 43. g4 1-0

[Event "London Classic FIDE Open"]
[Site "London ENG"]
[Date "2011.12.07"]
[Round "5"]
[White "Farrell, Neil"]
[Black "Cannon, Raymond C"]
[Result "1-0"]
[WhiteElo "2181"]
[BlackElo "2024"]
[WhiteFideId "2400588"]
[BlackFideId "408018"]
[EventDate "2011.12.03"]

1. d4 Nf6 2. c4 c5 3. d5 e6 4. Nc3 exd5 5. cxd5 d6 6. e4 g6 7. h3 Bg7 8. Nf3 O-O
9. Bd3 b5 10. Bxb5 Nxe4 11. Nxe4 Qa5+ 12. Nfd2 Qxb5 13. Nxd6 Qd7 14. N2c4 Ba6
15. O-O Rd8 16. Re1 Bxc4 17. Nxc4 Nc6 18. Bg5 f6 19. dxc6 Qxc6 20. Bd2 Rd4 21.
Qc2 Qd5 22. b3 Rd8 23. Be3 Rd3 24. Nb2 f5 25. Nxd3 Bxa1 26. Rxa1 1-0

[Event "London Classic FIDE Open"]
[Site "London ENG"]
[Date "2011.12.07"]
[Round "5"]
[White "Doran, Chris"]
[Black "Harari, Zaki"]
[Result "1-0"]
[WhiteElo "2011"]
[BlackElo "2180"]
[WhiteFideId "503835"]
[BlackFideId "2002639"]
[EventDate "2011.12.03"]

1. e4 e6 2. d4 d5 3. Nd2 Nf6 4. e5 Nfd7 5. Bd3 c5 6. c3 Nc6 7. Ne2 cxd4 8. cxd4
f6 9. exf6 Qxf6 10. Nf3 h6 11. O-O Bd6 12. Ng3 O-O 13. Bc2 Rd8 14. Re1 Nf8 15.
Ne5 Bd7 16. f4 Be8 17. Be3 Rac8 18. Rf1 Rc7 19. Qg4 Nxd4 20. Bxd4 Rxc2 21. Nc6
Bc5 22. Bxc5 Bxc6 23. Nh5 Qxb2 24. Rab1 Qc3 25. Be7 Rd7 26. Nf6+ Kf7 27. Nxd7
Nxd7 28. Bh4 Nf6 29. Bxf6 Qxf6 30. f5 e5 31. Qd1 Rc4 32. Rc1 b5 33. Rxc4 bxc4
34. Qb1 Qd6 35. f6 g6 36. Qc1 Qc5+ 37. Kh1 g5 38. h4 Qd4 39. hxg5 Qh4+ 40. Kg1
Qxg5 41. Qa3 1-0

[Event "London Classic FIDE Open"]
[Site "London ENG"]
[Date "2011.12.07"]
[Round "5"]
[White "Maduekwe, Chiedu"]
[Black "Compton, Alistair"]
[Result "0-1"]
[WhiteElo "2180"]
[BlackElo "2024"]
[WhiteFideId "8500118"]
[BlackFideId "4300645"]
[EventDate "2011.12.03"]

1. d4 e6 2. c4 d5 3. Nc3 c5 4. cxd5 exd5 5. Nf3 Nc6 6. g3 Nf6 7. Bg2 Be7 8. O-O
O-O 9. Bg5 c4 10. b3 Qa5 11. Bd2 Qa6 12. bxc4 Qxc4 13. Qa4 Qxa4 14. Nxa4 Ne4 15.
Rfd1 Bf6 16. Be1 Re8 17. e3 Bg4 18. h3 Bd7 19. Nc3 Nxc3 20. Bxc3 Rac8 21. Rdc1
h5 22. Ne1 Ne7 23. Bb4 Be6 24. Nd3 Nc6 25. Ba3 g5 26. Rab1 b6 27. Bf3 Na5 28.
Rxc8 Rxc8 29. Rc1 Nc4 30. Bb4 a5 31. Bc3 Be7 32. Ba1 Ba3 33. Rc3 Bb4 34. Nxb4
axb4 35. Rc2 Bf5 36. Rc1 Be4 37. Bxh5 Ra8 38. f3 Bd3 39. e4 Rxa2 40. exd5 b3 0-1

[Event "London Classic FIDE Open"]
[Site "London ENG"]
[Date "2011.12.07"]
[Round "5"]
[White "Boger, Raymond"]
[Black "Blazquez, Denis"]
[Result "1/2-1/2"]
[WhiteElo "1959"]
[BlackElo "2178"]
[WhiteFideId "1507419"]
[BlackFideId "601705"]
[EventDate "2011.12.03"]

1. c4 e6 2. g3 d5 3. Bg2 Nf6 4. Nf3 c6 5. O-O Be7 6. d4 O-O 7. Nc3 Nbd7 8. cxd5
exd5 9. Re1 Re8 10. Qd3 a5 11. Bf4 Nf8 12. Ne5 Ng6 13. e4 Nxf4 14. gxf4 dxe4 15.
Nxe4 Bb4 16. Re2 Bf5 17. a3 Bd6 18. Qb3 Bxe5 19. dxe5 Nd5 20. Nd6 Be6 21. Nxe8
Nxf4 22. Nf6+ Qxf6 23. Qxb7 Nxe2+ 24. Kf1 Qd8 25. Kxe2 Bc4+ 26. Ke1 Rb8 27. Qxc6
Qd3 28. Qe4 Qxe4+ 29. Bxe4 Rxb2 30. Rb1 Re2+ 31. Kd1 g6 32. Bd5 Ba6 33. Bb7 Bd3
34. Rb3 Bc2+ 35. Kxe2 Bxb3 36. Kd3 Kf8 37. f4 Ke7 38. Kd4 Bd1 39. Kc5 g5 40.
fxg5 Ke6 41. Kd4 Kf5 42. Be4+ Kxg5 43. Bxh7 Kg4 44. Be4 Kh3 45. Bd5 Bh5 46. Kc5
Kxh2 47. Kb5 Kg3 48. Kxa5 Kf4 49. e6 fxe6 50. Bxe6 Ke5 51. Bc8 Kd6 52. Kb6 Be8
53. Ba6 Ba4 54. Bb5 1/2-1/2

[Event "London Classic FIDE Open"]
[Site "London ENG"]
[Date "2011.12.07"]
[Round "5"]
[White "Willmoth, Robert F"]
[Black "Johansen, Stian"]
[Result "1-0"]
[WhiteElo "2169"]
[BlackElo "2012"]
[WhiteFideId "402540"]
[BlackFideId "1508121"]
[EventDate "2011.12.03"]

1. Nf3 Nf6 2. d4 g6 3. g3 Bg7 4. Bg2 O-O 5. O-O c5 6. e3 d5 7. Nbd2 Nc6 8. h3
Bf5 9. a3 Ne4 10. c3 Nxd2 11. Bxd2 c4 12. Ne1 Na5 13. Qe2 Qb6 14. e4 dxe4 15.
Bf4 Be6 16. Rb1 f5 17. f3 exf3 18. Nxf3 h6 19. h4 Bd5 20. Rf2 Be4 21. Re1 Rae8
22. Ne5 Bxe5 23. Bxe5 Bxg2 24. Kxg2 e6 25. Qe3 Kh7 26. Rfe2 Qc6+ 27. Kh2 Qd5 28.
Bf4 g5 29. hxg5 hxg5 30. Bxg5 Nc6 31. Rh1 Rh8 32. Kg1+ Kg6 33. Reh2 Rxh2 34.
Rxh2 Qe4 35. Rh6+ Kg7 36. Bf6+ Kf7 37. Rh7+ Kg8 38. Qg5+ Kxh7 39. Qg7# 1-0

[Event "London Classic FIDE Open"]
[Site "London ENG"]
[Date "2011.12.07"]
[Round "5"]
[White "Iyengar, Ilya"]
[Black "Josse, Mark"]
[Result "1/2-1/2"]
[WhiteElo "1974"]
[BlackElo "2162"]
[WhiteFideId "405949"]
[BlackFideId "414476"]
[EventDate "2011.12.03"]

1. d4 d5 2. c4 dxc4 3. e4 c5 4. Nf3 cxd4 5. Qxd4 Qxd4 6. Nxd4 a6 7. Bxc4 e6 8.
O-O Nf6 9. f3 Bc5 10. Be3 Nc6 11. Rd1 Bd7 12. Nc2 Nb4 13. Nba3 Rc8 14. Rac1 Nxc2
15. Bxc5 Rxc5 16. Rxc2 Ke7 17. b4 Rc7 18. Bb3 Rxc2 19. Nxc2 Rc8 20. Ne3 Bb5 21.
Kf2 g5 22. Rd2 Nd7 23. a4 Rc3 24. Rb2 Ne5 25. Nd1 Rc1 26. Rc2 Nd3+ 27. Ke3 Rxc2
28. Bxc2 Nxb4 29. Bb3 Bf1 30. g3 Kd6 31. h4 gxh4 32. gxh4 f6 33. f4 Nc6 34. Nf2
Na5 35. Bc2 e5 36. Ng4 exf4+ 37. Kxf4 Ke6 38. e5 fxe5+ 39. Nxe5 h6 40. Ng4 h5
41. Bf5+ Kf7 42. Ne5+ Kg7 43. Kg5 Be2 44. Bc8 Bd1 45. Nd7 Bxa4 46. Kxh5 Bxd7 47.
Bxd7 Nb3 48. Kg5 a5 49. Kf5 Nc5 50. Bb5 a4 51. Ke5 a3 52. Bc4 b5 53. Bd5 b4 54.
Kd4 b3 55. Kc3 a2 56. Kb2 Na4+ 57. Ka1 Nc5 58. Bxb3 Nxb3+ 59. Kxa2 1/2-1/2

[Event "London Classic FIDE Open"]
[Site "London ENG"]
[Date "2011.12.07"]
[Round "5"]
[White "Tozer, Philip A A"]
[Black "Gschwendtner, Stanislav"]
[Result "0-1"]
[WhiteElo "2159"]
[BlackElo "2011"]
[WhiteFideId "419982"]
[BlackFideId "307297"]
[EventDate "2011.12.03"]

1. c4 c5 2. g3 Nc6 3. Bg2 g6 4. Nc3 Bg7 5. Nf3 d6 6. O-O e5 7. a3 Nge7 8. b4 e4
9. Ng5 f5 10. Bb2 O-O 11. b5 Nd4 12. d3 Ne6 13. Nxe6 Bxe6 14. dxe4 Bxc4 15. Qd2
Qc7 16. Rfd1 Rad8 17. Rac1 Bb3 18. Rf1 b6 19. exf5 Rxf5 20. e4 Rf7 21. Ne2 d5
22. Bxg7 Rxg7 23. Nd4 dxe4 24. Qe3 Bd5 25. Ne2 Nf5 26. Qc3 Rgd7 27. Nf4 Nd4 28.
Nxd5 Rxd5 29. Qc4 Qe5 30. Rfe1 Kg7 31. Rxe4 Qf6 32. Rf4 Rf5 33. Rxf5 gxf5 34.
Re1 Qf7 35. Qc1 h6 36. Qb2 Re8 37. Re3 Qf6 38. Qd2 Re7 39. a4 Rd7 40. Qc1 Qf7
41. Re5 Qb3 42. Qe1 Kf6 43. Bc6 Nf3+ 44. Bxf3 Qxf3 45. Re6+ Kf7 46. Re3 Rd1 47.
Rxf3 Rxe1+ 48. Kg2 Ke6 49. Rd3 Ra1 50. Rd8 Rxa4 51. Rh8 Rb4 52. Rxh6+ Ke5 53.
Rh5 c4 54. g4 c3 55. Rxf5+ Kd4 56. Rf4+ Kc5 57. Rf5+ Kc4 0-1

[Event "London Classic FIDE Open"]
[Site "London ENG"]
[Date "2011.12.07"]
[Round "5"]
[White "Jaunooby, Ali R"]
[Black "Obiamiwe, Paul"]
[Result "1-0"]
[WhiteElo "2144"]
[BlackElo "2001"]
[WhiteFideId "413291"]
[BlackFideId "8500215"]
[EventDate "2011.12.03"]

1. d4 d5 2. Nf3 Nf6 3. Bg5 e6 4. Nbd2 Be7 5. e3 h6 6. Bh4 b6 7. Bb5+ c6 8. Bd3
O-O 9. c3 Ba6 10. c4 Nbd7 11. Qa4 Bb7 12. O-O a6 13. Qb3 c5 14. a4 cxd4 15. exd4
dxc4 16. Nxc4 Bxf3 17. gxf3 Nd5 18. Bg3 h5 19. h3 Bf6 20. Bc2 g6 21. Rad1 Bg7
22. Bd6 Qg5+ 23. Kh2 Qh4 24. Bg3 Qg5 25. h4 Qe7 26. Nd6 Bf6 27. Ne4 Bxh4 28. Bd6
Qd8 29. f4 Be7 30. Be5 N7f6 31. f3 Rc8 32. Ng5 Rxc2+ 33. Qxc2 Ne3 34. Qd3 Nxf1+
35. Rxf1 Qc8 36. Rg1 Re8 37. Nxf7 Ng4+ 38. Rxg4 hxg4 39. Qxg6+ Kf8 40. Bg7+ Kg8
41. Nh6# 1-0

[Event "London Classic FIDE Open"]
[Site "London ENG"]
[Date "2011.12.07"]
[Round "5"]
[White "Duncan, Patrick C M"]
[Black "Shweta, Gole"]
[Result "0-1"]
[WhiteElo "2125"]
[BlackElo "1999"]
[WhiteFideId "405787"]
[BlackFideId "5068487"]
[EventDate "2011.12.03"]

1. b3 e5 2. Bb2 Nc6 3. e3 d6 4. Ne2 g6 5. c4 Bg7 6. Nbc3 Nge7 7. Nd5 O-O 8. g3
Bg4 9. Bg2 Nxd5 10. cxd5 Nb4 11. Qb1 Bxe2 12. Kxe2 Qd7 13. d3 f5 14. a3 Na6 15.
b4 f4 16. Rf1 Qf5 17. Be4 Qh5+ 18. Bf3 Qh3 19. e4 fxg3 20. hxg3 Rf6 21. Rh1 Qd7
22. Rh2 Raf8 23. Bh1 Qg4+ 24. Ke1 Rxf2 25. Rxf2 Qxg3 26. Kd2 Rxf2+ 27. Kc3 Bh6
28. Kb3 Rd2 29. Kc4 Qf2 30. Bc3 Rc2 31. Kb3 Rc1 32. Qxc1 Bxc1 33. Rxc1 Qe2 34.
d4 Qe3 35. Rd1 exd4 36. Rxd4 g5 37. Rd1 g4 38. Re1 Qh3 39. e5 dxe5 40. d6 cxd6
41. Bxb7 Nb8 42. Bc8 Nc6 43. Kc4 d5+ 0-1

[Event "London Classic FIDE Open"]
[Site "London ENG"]
[Date "2011.12.07"]
[Round "5"]
[White "Guiot, Jerome"]
[Black "Casaschi, Paolo"]
[Result "1/2-1/2"]
[WhiteElo "2100"]
[BlackElo "1996"]
[WhiteFideId "609765"]
[BlackFideId "824895"]
[EventDate "2011.12.03"]

1. e4 e6 2. d4 d5 3. Nc3 Nf6 4. e5 Nfd7 5. f4 c5 6. Nf3 Nc6 7. Be3 a6 8. Qd2 b5
9. dxc5 Bxc5 10. Bxc5 Nxc5 11. Qf2 Qe7 12. Rd1 O-O 13. Nd4 Nxd4 14. Qxd4 b4 15.
Ne2 a5 16. Ng3 f6 1/2-1/2

[Event "London Classic FIDE Open"]
[Site "London ENG"]
[Date "2011.12.07"]
[Round "5"]
[White "Whitehead, David J"]
[Black "White, David J"]
[Result "1/2-1/2"]
[WhiteElo "2079"]
[BlackElo "1958"]
[WhiteFideId "406813"]
[BlackFideId "402931"]
[EventDate "2011.12.03"]

1. e4 c5 2. Nf3 d6 3. d4 cxd4 4. Nxd4 Nf6 5. Nc3 g6 6. Be3 Bg7 7. f3 O-O 8. Qd2
Nc6 9. Bc4 Bd7 10. O-O-O Ne5 11. Bb3 Rc8 12. h4 h5 13. Bg5 Rc5 14. Kb1 b5 15. g4
a5 16. gxh5 a4 17. Bd5 Nxh5 18. Nce2 Qe8 19. Nf4 Nxf4 20. Qxf4 e6 21. Nf5 exf5
22. h5 Nc4 23. hxg6 Rxd5 24. Rxd5 fxg6 25. Bh6 fxe4 26. Qh4 Qf7 27. Bxg7 Qxg7
28. c3 exf3 29. Rg5 Bf5+ 30. Ka1 Na3 31. Rxf5 Nc2+ 32. Kb1 Rxf5 33. Kxc2 f2 34.
Rf1 Qf6 35. Qe4 Rf4 36. Qe8+ Kg7 37. Qxb5 Qf5+ 38. Qxf5 Rxf5 39. Kd3 g5 40. Ke3
Re5+ 41. Kxf2 Rb5 42. Rb1 Kf6 43. b4 d5 44. a3 Kf5 45. Rd1 Ke5 46. Rd4 Rb8 47.
Rg4 Kf5 48. Rd4 Ke5 49. Rg4 1/2-1/2

[Event "London Classic FIDE Open"]
[Site "London ENG"]
[Date "2011.12.07"]
[Round "5"]
[White "Bass, John W"]
[Black "Srija, Seshadri"]
[Result "1/2-1/2"]
[BlackTitle "WFM"]
[WhiteElo "2071"]
[BlackElo "1926"]
[WhiteFideId "407925"]
[BlackFideId "5055903"]
[EventDate "2011.12.03"]

1. d4 d5 2. c4 e6 3. Nc3 Nf6 4. Bg5 Be7 5. e3 h6 6. Bh4 O-O 7. Nf3 b6 8. Rc1 Bb7
9. cxd5 Nxd5 10. Bxe7 Qxe7 11. Bd3 Rd8 12. O-O c5 13. a3 Nd7 14. Qe2 cxd4 15.
Nxd5 Bxd5 16. Nxd4 Nc5 17. Bb5 Qf6 18. Rfd1 e5 19. Nf3 Qe6 20. Nd2 e4 21. Rc3 a6
22. Bc4 Na4 23. Rc2 b5 24. Bxd5 Qxd5 25. Rdc1 Qd3 26. Kf1 Qd6 27. Kg1 Qd5 28.
Nb1 Kh7 29. Nc3 Nxc3 30. Rxc3 Ra7 31. h3 Rad7 32. R1c2 1/2-1/2

[Event "London Classic FIDE Open"]
[Site "London ENG"]
[Date "2011.12.07"]
[Round "5"]
[White "Schwartz, Julius"]
[Black "Jakobsen, Alf Gjoran"]
[Result "1/2-1/2"]
[WhiteElo "2065"]
[BlackElo "1861"]
[WhiteFideId "2402831"]
[BlackFideId "1508008"]
[EventDate "2011.12.03"]

1. e4 e5 2. Nf3 Nf6 3. Nxe5 d6 4. Nf3 Nxe4 5. Nc3 Nxc3 6. dxc3 Be7 7. Bf4 Nc6 8.
Qd2 Bg4 9. Be2 O-O 10. O-O-O Bf6 11. h3 Bxf3 12. Bxf3 Rb8 13. g4 h6 14. Kb1 Bg5
15. h4 Bxf4 16. Qxf4 Qf6 17. Qxf6 gxf6 18. Bxc6 bxc6 19. Rhe1 Rfe8 20. Kc1 Re5
21. f4 Ra5 22. a3 Kf8 23. Rd4 Re8 1/2-1/2

[Event "London Classic FIDE Open"]
[Site "London ENG"]
[Date "2011.12.07"]
[Round "5"]
[White "Aryan, Chopra"]
[Black "Eriksen, Magnus"]
[Result "1/2-1/2"]
[WhiteElo "1836"]
[BlackElo "2063"]
[WhiteFideId "5084423"]
[BlackFideId "1509764"]
[EventDate "2011.12.03"]

1. e4 c5 2. Nf3 d6 3. d4 cxd4 4. Nxd4 Nf6 5. Nc3 a6 6. Be2 e6 7. O-O Be7 8. Be3
O-O 9. Kh1 Qc7 10. f4 b5 11. a3 Bb7 12. Bf3 Nbd7 13. Qe2 Nc5 14. e5 dxe5 15.
fxe5 Nfd7 16. Bxb7 Qxb7 17. Bf4 Nb6 18. Qg4 Rfd8 19. Bh6 Bf8 20. Rf3 g6 21. Bxf8
Rxf8 22. Rh3 f5 23. exf6 Rxf6 24. Rf3 Rxf3 25. Nxf3 Nba4 26. Nxa4 bxa4 27. Qd4
Rc8 28. Rd1 Ne4 29. Re1 Nc5 30. h3 Qd5 31. Qxd5 exd5 32. Re5 Ne4 33. Nd4 Rb8 34.
Rxd5 Rxb2 35. Ra5 Nc3 36. Rc5 Nb5 37. Rc4 Nxa3 38. Rxa4 Nxc2 39. Nxc2 Rxc2 40.
Rxa6 Kg7 41. Kh2 h6 42. Ra5 1/2-1/2

[Event "London Classic FIDE Open"]
[Site "London ENG"]
[Date "2011.12.07"]
[Round "5"]
[White "Mikalsen, Erlend"]
[Black "Jones, Steven A"]
[Result "1-0"]
[WhiteElo "2063"]
[BlackElo "1878"]
[WhiteFideId "1507338"]
[BlackFideId "419630"]
[EventDate "2011.12.03"]

1. e4 c5 2. Nf3 Nc6 3. d4 cxd4 4. Nxd4 Nf6 5. Nc3 e5 6. Ndb5 d6 7. Bg5 a6 8. Na3
b5 9. Nd5 Be7 10. Bxf6 Bxf6 11. c4 b4 12. Nc2 a5 13. g3 O-O 14. Bg2 Rb8 15. b3
Bg5 16. h4 Bh6 17. O-O Be6 18. Qd3 Ne7 19. Nde3 Qb6 20. Rad1 Rbd8 21. Kh2 g6 22.
Qe2 Bg7 23. Rd3 f5 24. exf5 gxf5 25. Nd5 Qa7 26. Nxe7+ Qxe7 27. Bd5 f4 28. Qg4
Bxd5 29. Rxd5 fxg3+ 30. Qxg3 e4 31. Qg5 Qd7 32. Ne3 Kh8 33. Ng4 Rg8 34. Nf6 Qe6
35. Nxg8 Rxg8 36. Rg1 h6 37. Qg3 Qxd5 38. cxd5 Be5 39. Qxe5+ dxe5 40. Rd1 Rg7
41. d6 Rd7 42. Kh3 Kg7 43. Rd5 Kf6 44. Kg4 Ke6 45. Rd1 Rxd6 46. Rxd6+ Kxd6 47.
Kh5 Ke6 48. Kxh6 Kf6 49. h5 e3 50. fxe3 e4 51. Kh7 Kf7 52. h6 1-0

[Event "London Classic FIDE Open"]
[Site "London ENG"]
[Date "2011.12.07"]
[Round "5"]
[White "Forsa, Elise"]
[Black "Ruston, Mark R"]
[Result "0-1"]
[WhiteElo "1728"]
[BlackElo "2061"]
[WhiteFideId "1500163"]
[BlackFideId "410020"]
[EventDate "2011.12.03"]

1. e4 e6 2. d4 d5 3. e5 c5 4. c3 Qb6 5. Nf3 Nc6 6. a3 Nh6 7. b4 cxd4 8. cxd4 Nf5
9. Bb2 Bd7 10. Bd3 Nfxd4 11. Nxd4 Nxd4 12. Bxh7 Rxh7 13. Bxd4 Qa6 14. Nc3 Rc8
15. f3 Rc4 16. Kf2 Rh4 17. Ne2 Ba4 18. Qd3 g6 19. Rac1 Bb5 20. Qe3 b6 21. g3 Rh8
22. Nc3 Bd7 23. Ne2 Bb5 24. Nc3 Bd7 25. Ne2 Qc8 26. Qd2 Be7 27. Kg2 Bb5 28. Nc3
Ba6 29. Rhd1 Kf8 30. Nb1 Kg7 31. Qb2 Qd7 32. Nd2 Rcc8 33. Nf1 Bg5 34. f4 Be7 35.
Ne3 Rxc1 36. Qxc1 Rc8 37. Qb2 Qc6 38. h4 Qb5 39. Kf2 Rc7 40. Kf3 Rc8 41. Rd2 Bb7
42. Rc2 Qd3 43. Rxc8 Qe4+ 44. Kf2 Bxc8 45. Qc2 Qxd4 46. Qxc8 Qd2+ 47. Kf3 d4 48.
Nc4 Qd3+ 49. Kf2 Qc2+ 50. Kg1 d3 51. Qd7 Qxc4 52. Qxe7 Qd4+ 53. Kg2 d2 54. Qf6+
Kg8 0-1

[Event "London Classic FIDE Open"]
[Site "London ENG"]
[Date "2011.12.07"]
[Round "5"]
[White "Cetens, Edward"]
[Black "Varnam, Liam D"]
[Result "0-1"]
[WhiteElo "1708"]
[BlackElo "2059"]
[WhiteFideId "360465"]
[BlackFideId "410950"]
[EventDate "2011.12.03"]

1. Nf3 d5 2. d4 Nf6 3. g3 c5 4. c3 e6 5. Bg2 Nc6 6. Bg5 h6 7. Be3 Qb6 8. Qc1 Ng4
9. dxc5 Bxc5 10. Bxc5 Qxc5 11. O-O a5 12. a4 O-O 13. Nbd2 f5 14. Qc2 Nf6 15. Nb3
Qb6 16. Nbd4 Ne4 17. Qb3 Qxb3 18. Nxb3 Ra6 19. Nfd4 Nxd4 20. cxd4 Rb6 21. Nxa5 0-1